| 000 | 00389nam a22001697a 4500 | ||
|---|---|---|---|
| 003 | SGT | ||
| 020 | _a9789354664762 | ||
| 082 |
_a611 _bB22G |
||
| 100 | _aGARG, KRISHNA,ed. | ||
| 245 | _aB D CHAURASIA'S HUMAN ANATOMY | ||
| 250 | _a9TH | ||
| 260 |
_aNEW DELHI _bCBS PUB. _c2022 |
||
| 300 | _a532 | ||
| 650 | _aANATOMY | ||
| 653 | _aANATOMY ,HUMAN , HUMAN ANATOMY | ||
| 942 |
_2ddc _cBK _0199 |
||
| 999 |
_c23953 _d23953 |
||